000 00867nam a2200301Ia 4500
003 OSt
005 20220912151200.0
006 a|||||r|||| 00| 0
007 ta
008 220909b |||||||| |||| 00| 0 eng d
020 _a038795435X (hbd)
024 _a9485
037 _bAshutosh,
037 _cTextual
040 _aCSL
_beng
_cCSL
041 _aeng
082 _aB2810bG:6, P2
100 _aDurrett Rick
245 0 _aProbability models for DNA sequence evolution
260 _aNew York
_b Springer-Verlag
_c2002
300 _aviii, 240p.
_ccm.
490 _aProbability and its applications
500 _aBibliographical references 223-237p; Index 239-240p
650 _a Probability for Genetics
650 _aStatistics
942 _hB2810bG:6, P2
_cTEXL
_2CC
999 _c62915
_d62915